Guía de la ranita para quererte más cada día /

Detalles Bibliográficos
Autor principal: Eequay, Maybell (Autor)
Otros Autores: Monrabà, Genís (Traductor)
Formato: Electrónico eBook
Lenguaje:español
inglés
Publicado: Barcelona, España : Editorial Reverté, [2025]
Materias:
Acceso en línea:Digitalia Hispánica

MARC

LEADER 00000nam a2200000Ii 4500
001 DIGREVMGM0096
003 NyNyDIG
006 m o d
007 cr |||||||||||
008 250505s2025 sp a o 000 0 spa d
035 |a (OCoLC)1507373163 
040 |a DGITA  |b eng  |e rda  |e pn  |c DGITA 
020 |a 9788429198751  |q (pdf) 
020 |z 9788410121294  |q (papel) 
041 1 |a spa  |h eng 
050 1 4 |a RA785 ebook 
100 1 |a Eequay, Maybell,  |e author. 
240 1 0 |a Little frog's guide to self-care.  |l Spanish  |s (Monrabà) 
245 1 0 |a Guía de la ranita para quererte más cada día /  |c Maybell Eequay ; traducción, Genís Monrabà Bueno. 
264 1 |a Barcelona, España :  |b Editorial Reverté,  |c [2025] 
300 |a 1 online resource :  |b illustrations. 
336 |a text  |b txt  |2 rdacontent 
337 |a computer  |b c  |2 rdamedia 
338 |a online resource  |b cr  |2 rdacarrier 
347 |a text file  |2 rdaft 
347 |b PDF 
500 |a "REM Life" --Cover. 
588 0 |a Online resource; title from PDF title page (Digitalia, viewed May 5, 2025) 
650 0 |a Well-being. 
650 0 |a Self-care, Health. 
650 0 |a Mental health. 
650 0 |a Relaxation. 
700 1 |a Monrabà, Genís,  |e translator. 
700 1 |i Translation of:  |a Eequay, Maybell.  |t Little frog's guide to self-care. 
791 2 |a Digitalia (Firm),  |e distributor. 
793 0 |g Digitalia eBook Collection:  |a Reverté Management 
776 0 8 |i Print version:  |a Eequay, Maybell.  |s Little frog's guide to self-care. Spanish (Monrabà).  |t Guía de la ranita para quererte más cada día.  |d Barcelona, España : Editorial Reverté, [2025]  |z 9788410121294 
856 4 0 |3 Digitalia Hispánica  |u https://www.digitaliapublishing.com/a/172926/ 
910 |a Premium collection: 2025